Detalles MARC
| 000 -CABECERA |
| campo de control de longitud fija |
01349nam a2200289 a 4500 |
| 001 - NÚMERO DE CONTROL |
| campo de control |
000041060 |
| 003 - IDENTIFICADOR DEL NÚMERO DE CONTROL |
| campo de control |
DO-SdBNP |
| 005 - FECHA Y HORA DE LA ÚLTIMA TRANSACCIÓN |
| campo de control |
20210827100928.0 |
| 008 - DATOS DE LONGITUD FIJA--INFORMACIÓN GENERAL |
| campo de control de longitud fija |
090701s2009 dr ac r 000 0dspa d |
| 040 ## - FUENTE DE LA CATALOGACIÓN |
| Centro catalogador/agencia de origen |
DO-SdBNP |
| Lengua de catalogación |
spa |
| Centro/agencia transcriptor |
BNPHU |
| 082 ## - NÚMERO DE LA CLASIFICACIÓN DECIMAL DEWEY |
| Número de clasificación |
BNPHU PD 021.7 |
| Número de documento/Ítem |
F356d, 2009 |
| 111 2# - ENTRADA PRINCIPAL--NOMBRE DE CONGRESO/REUNIÓN |
| Nombre de congreso/reunión o jurisdicción como elemento de entrada |
Feria Internacional del Libro |
| Número del congreso/reunión o número de parte o sección |
(12ª : |
| Fecha del congreso/reunión |
2009 : 20 de abril al 3 de mayo |
| Sede del congreso/Lugar de la reunión |
Santo Domingo, República Dominicana) |
| 9 (RLIN) |
67554 |
| 245 10 - MENCIÓN DE TÍTULO |
| Título |
XII Feria Internacional del Libro Santo Domingo 2009 : |
| Resto del título |
programa. |
| 246 30 - FORMA VARIANTE DE TÍTULO |
| Título propio/Titulo breve |
Doceava Feria Internacional del Libro Santo Domingo 2009 |
| 260 ## - PUBLICACIÓN, DISTRIBUCIÓN, ETC. |
| Lugar de publicación, distribución, etc. |
Santo Domingo : |
| Nombre del editor, distribuidor, etc. |
Dirección General de la Feria del Libro, |
| Fecha de publicación, distribución, etc. |
2009. |
| 300 ## - DESCRIPCIÓN FÍSICA |
| Extensión |
239 p. : |
| Otras características físicas |
il., retrs. ; |
| Dimensiones |
24 cm. |
| 500 ## - NOTA GENERAL |
| Nota general |
País invitado de honor: Brasil, dedicada a Juan Bosch. |
| 500 ## - NOTA GENERAL |
| Nota general |
A la cabeza de la portada: Leer te eleva. |
| 500 ## - NOTA GENERAL |
| Nota general |
En homenaje a Juan Bosch, en el primer centenario de su nacimiento |
| 590 ## - NOTA LOCAL (RLIN) |
| Nota local |
Inventariado,2018/DG |
| 611 24 - PUNTO DE ACCESO ADICIONAL DE MATERIA--NOMBRE DE REUNIÓN/CONGRESO |
| Nombre de congreso/reunión o jurisdicción como elemento de entrada |
Feria Internacional del Libro |
| Número del congreso/reunión o número de parte o sección |
(12ª : |
| Fecha del congreso/reunión |
2009 : |
| Sede del congreso/Lugar de la reunión |
Santo Domingo, República Dominicana) |
| Subdivisión general |
Programas |
| 9 (RLIN) |
67555 |
| 650 14 - PUNTO DE ACCESO ADICIONAL DE MATERIA--TÉRMINO DE MATERIA |
| Término de materia o nombre geográfico como elemento de entrada |
Industria del libro |
| Subdivisión geográfica |
República Dominicana |
| Subdivisión general |
Programas |
| 9 (RLIN) |
55292 |
| 650 14 - PUNTO DE ACCESO ADICIONAL DE MATERIA--TÉRMINO DE MATERIA |
| Término de materia o nombre geográfico como elemento de entrada |
Feria del libro |
| Subdivisión geográfica |
República Dominicana |
| Subdivisión cronológica |
2009 |
| Subdivisión general |
Programas |
| 9 (RLIN) |
67556 |
| 650 14 - PUNTO DE ACCESO ADICIONAL DE MATERIA--TÉRMINO DE MATERIA |
| Término de materia o nombre geográfico como elemento de entrada |
Libros |
| Subdivisión general |
Exposiciones |
| Subdivisión geográfica |
República Dominicana |
| 9 (RLIN) |
33375 |
| 910 ## - DATOS DE OPCIÓN DEL USUARIO (OCLC) |
| Datos de opción del usuario |
Validado. Control de calidad. EMS |
| 942 ## - ELEMENTOS DE PUNTO DE ACCESO ADICIONAL (KOHA) |
| Fuente del sistema de clasificación o colocación |
Dewey Decimal Classification |
| Tipo de ítem Koha |
Libro |